Функціонально-структурні особливості англійських ЛО на позначення поняття life (Запис № 284978)

МАРК-запис
000 -LEADER
fixed length control field 01480nam a22001457a 4500
080 ## - UNIVERSAL DECIMAL CLASSIFICATION NUMBER
Universal Decimal Classification number 09
090 ## - LOCALLY ASSIGNED LC-TYPE CALL NUMBER (OCLC); LOCAL CALL NUMBER (OCLC)
Local cutter number (OCLC) ; Book number/undivided call number, CALL (RLIN) ВОЙ
100 ## - MAIN ENTRY--PERSONAL NAME
Personal name Войцехівська І. Р.
245 ## - TITLE STATEMENT
Title Функціонально-структурні особливості англійських ЛО на позначення поняття life
260 ## - PUBLICATION, DISTRIBUTION, ETC. (IMPRINT)
Place of publication, distribution, etc Острог
Name of publisher, distributor, etc КАФ
Date of publication, distribution, etc 2012
300 ## - PHYSICAL DESCRIPTION
Extent 51
520 ## - SUMMARY, ETC.
Summary, etc ВСТУП<br/>РОЗДІЛ 1 ОСНОВНІ ПОЛОЖЕННЯ ТЕОРІЇ ФРАЗЕОЛОГІЇ<br/>1.1 Фразеологія як наука та предмет її дослідження семантична класифікація<br/>1.2 Основні підходи до виявлення національно-культурної специфіки англійської лексики<br/>1.3 Національно-культурна специфіка фразеологізмів<br/>РОЗДІЛ 2 ФУНКЦІОНАЛЬНІ ТА СТРУКТУРНІ ОСОБЛИВОСТІ ФРАЗЕОЛОГІЗМІВ З КОМПОНЕНТОМ LIFE<br/>2.1 Характеристика дієслівних фразеологізмів за словом life<br/>2.2 Аналіз іменникових, прикметникових, зайиенникових, та прислівникових ФО з компонентом life<br/>2.3 Національно-культурна специфіка лексеми life<br/>ВИСНОКИ
-- фразеологія, life
650 ## - SUBJECT ADDED ENTRY--TOPICAL TERM
Topical term or geographic name as entry element Research Papers
942 ## - ADDED ENTRY ELEMENTS (KOHA)
Koha item type Книги
Фонди
Withdrawn status Lost status Source of classification or shelving scheme Damaged status Not for loan Home library Current library Date acquired Source of acquisition Cost, normal purchase price Total Checkouts Full call number Barcode Date last seen Price effective from Koha item type
    Universal Decimal Classification     ВІЛ - Відділ іноземн. літератури НБ ВІЛ - Відділ іноземн. літератури НБ 18/09/2012 Акт №5 1.00   09 214983 09/11/2021 18/09/2012 Книги